000 00536nam a2200229Ia 4500
003 OSt
005 20220221162204.0
008 210210b1954 xxu||||| |||| 00| 0 eng d
040 _aAL
_c
041 _aeng
082 _a826/61
100 _aFORD (Boris)
_921446
245 _aAge of chaucer 1
260 _aMelbourne
_bPenguin Books
_c1954
650 _aof
_921447
650 _achaucer
_921448
650 _aAge
_921449
650 _a1
_921450
690 _aHistory of Literature
_921451
906 _a015609
942 _2ddc
_cBK
999 _c134997
_d134997